[Event "SVK-chT2C 1112"]
[Site "Slovakia"]
[Date "2011.10.09"]
[Round "2.4"]
[White "Valuska, Pavel"]
[Black "Sedlacek, Pavol"]
[Result "1-0"]
[WhiteElo "2006"]
[BlackElo "2233"]
[PlyCount "111"]
[EventDate "2011.10.08"]
[EventType "team-tourn"]
[EventRounds "11"]
[EventCountry "SVK"]
[SourceTitle "EXT 2013"]
[Source "ChessBase"]
[SourceDate "2012.11.22"]
[SourceVersion "1"]
[SourceVersionDate "2012.11.22"]
[SourceQuality "1"]
[WhiteTeam "Zvolen Slavia"]
[BlackTeam "Cadca II"]
[WhiteTeamCountry "SVK"]
[BlackTeamCountry "SVK"]

1. e4 c6 2. d4 d5 3. exd5 cxd5 4. c3 Nf6 5. Nf3 Nc6 6. Bb5 Qb6 7. Qb3 Bd7 8. Bg5 e6 9. Nbd2 Be7 10. 0-0 0-0 11. Bd3 Qc7 12. Rfe1 Rfc8 13. Qd1 h6 14. Bh4 Bf8 15. Qe2 Nh5 16. Bg3 Nxg3 17. hxg3 a6 18. Nf1 b5 19. a3 Na5 20. Ne3 Be8 21. g4 Nc4 22. g5 h5 23. g3 g6 24. Ng2 Nd6 25. Nfh4 Nf5 26. Nxf5 exf5 27. f4 Bc6 28. Nh4 Re8 29. Qf3 a5 30. Re5 Bg7 31. Rxe8+ Rxe8 32. Qf1 b4 33. axb4 axb4 34. Nf3 bxc3 35. bxc3 Bd7 36. Rc1 Qb6 37. Qf2 Be6 38. Qa2 Rc8 39. Rb1 Qd8 40. Rb3 Bf8 41. Ne5 Ra8 42. Qb2 Qa5 43. Bb1 Rc8 44. Kf2 Bd6 45. Nd3 Qc7 46. Ke3 Qd8 47. Rb7 Kg7 48. Ba2 Ra8 49. Rb5 Qe8 50. Rb3 h4 51. gxh4 Qh8 52. Qf2 Qh5 53. Rb1 Qg4 54. Bb3 Rh8 55. Rh1 Rb8 56. Bd1 1-0

[Event "EU-Cup 27th"]
[Site "Rogaska Slatina"]
[Date "2011.09.30"]
[Round "6"]
[White "Sedlacek, Pavol"]
[Black "Blagodarov, Vladimir"]
[Result "1-0"]
[WhiteElo "2233"]
[BlackElo "2113"]
[PlyCount "121"]
[EventDate "2011.09.25"]
[EventType "team-swiss"]
[EventRounds "7"]
[EventCountry "SLO"]
[SourceTitle "CBM 145"]
[Source "ChessBase"]
[SourceDate "2011.11.11"]
[SourceVersion "1"]
[SourceVersionDate "2011.11.11"]
[SourceQuality "1"]
[WhiteTeam "Cadca"]
[BlackTeam "Ans"]
[WhiteTeamCountry "SVK"]
[BlackTeamCountry "BEL"]

1. c4 c5 2. Nc3 e6 3. Nf3 Nf6 4. e3 Be7 5. d4 cxd4 6. exd4 d5 7. Bf4 a6 8. c5 Nc6 9. a3 0-0 10. Bd3 Nh5 11. Be3 g6 12. Bh6 Re8 13. 0-0 e5 14. dxe5 Bxc5 15. b4 Bf8 16. Bg5 Be7 17. Bxe7 Rxe7 18. Be2 Nf4 19. Nd4 Nxe5 20. Bf3 Nxf3+ 21. Qxf3 Ne6 22. Qxd5 Rd7 23. Nxe6 Rxd5 24. Nxd8 Rxd8 25. Na4 b5 26. Nc5 a5 27. Rad1 Rxd1 28. Rxd1 Bf5 29. h3 h5 30. Rd4 axb4 31. axb4 Ra1+ 32. Kh2 Rb1 33. g4 hxg4 34. hxg4 Be6 35. Ne4 Kf8 36. Nd6 Bd7 37. f3 Ke7 38. Kg3 Bc6 39. Nc8+ Ke8 40. Nd6+ Ke7 41. Nc8+ Ke8 42. f4 Bd7 43. Nd6+ Ke7 44. g5 Rb3+ 45. Kf2 Rb2+ 46. Ke3 Rb3+ 47. Kd2 Rf3 48. Nxf7 Kxf7 49. Rxd7+ Ke6 50. Rd4 Rf1 51. Ke2 Rb1 52. Re4+ Kf5 53. Re5+ Kxf4 54. Rxb5 Rb3 55. Kd2 Ra3 56. Rc5 Rh3 57. Kc2 Ra3 58. b5 Re3 59. b6 Re7 60. Rb5 Rb7 61. Kc3 1-0